<?xml version='1.0' encoding='UTF-8'?>
  <record xmlns="http://www.loc.gov/MARC21/slim">
    <leader>00000ctc a22000007i 4500</leader>
    <controlfield tag="001">on1045433429</controlfield>
    <controlfield tag="003">OCoLC</controlfield>
    <controlfield tag="005">20240127100239.6</controlfield>
    <controlfield tag="008">180724q16uu1637ne a          000 0ddut d</controlfield>
    <datafield tag="040" ind1=" " ind2=" ">
      <subfield code="a">QGJ</subfield>
      <subfield code="b">eng</subfield>
      <subfield code="e">rda</subfield>
      <subfield code="c">QGJ</subfield>
      <subfield code="d">QGJ</subfield>
      <subfield code="d">OCLCQ</subfield>
      <subfield code="d">OCLCO</subfield>
      <subfield code="d">OCLCF</subfield>
      <subfield code="d">OCLCO</subfield>
      <subfield code="d">OCLCL</subfield>
    </datafield>
    <datafield tag="035" ind1=" " ind2=" ">
      <subfield code="a">(OCoLC)1045433429</subfield>
    </datafield>
    <datafield tag="100" ind1="1" ind2=" ">
      <subfield code="a">Buchell, Arend van,</subfield>
      <subfield code="d">1565-1641,</subfield>
      <subfield code="e">correspondent,</subfield>
      <subfield code="e">scribe.</subfield>
      <subfield code="4">crp</subfield>
      <subfield code="4">scr</subfield>
      <subfield code="1">https://id.oclc.org/worldcat/entity/E39PBJvt97kGgrhYc6wBHv6BT3</subfield>
    </datafield>
    <datafield tag="240" ind1="1" ind2="0">
      <subfield code="a">Correspondence</subfield>
    </datafield>
    <datafield tag="242" ind1="1" ind2="0">
      <subfield code="a">Collection of letters, transcribed charters and other documents.</subfield>
      <subfield code="y">eng</subfield>
    </datafield>
    <datafield tag="245" ind1="1" ind2="0">
      <subfield code="a">Collectie van brieven, afgeschreven oorkondes en andere documenten /</subfield>
      <subfield code="c">Arn. Buchelius,</subfield>
      <subfield code="f">UBU Hs 3 L 3, 1</subfield>
    </datafield>
    <datafield tag="264" ind1=" " ind2="0">
      <subfield code="a">[Utrecht],</subfield>
      <subfield code="c">[between approximately 1600 and 1637]</subfield>
    </datafield>
    <datafield tag="300" ind1=" " ind2=" ">
      <subfield code="a">1 portfolio (5 items) :</subfield>
      <subfield code="b">colour illustrations ;</subfield>
      <subfield code="c">306 x 192 mm</subfield>
    </datafield>
    <datafield tag="336" ind1=" " ind2=" ">
      <subfield code="a">text</subfield>
      <subfield code="b">txt</subfield>
      <subfield code="2">rdacontent</subfield>
    </datafield>
    <datafield tag="337" ind1=" " ind2=" ">
      <subfield code="a">unmediated</subfield>
      <subfield code="b">n</subfield>
      <subfield code="2">rdamedia</subfield>
    </datafield>
    <datafield tag="338" ind1=" " ind2=" ">
      <subfield code="a">sheet</subfield>
      <subfield code="b">nb</subfield>
      <subfield code="2">rdacarrier</subfield>
    </datafield>
    <datafield tag="340" ind1=" " ind2=" ">
      <subfield code="a">Paper</subfield>
    </datafield>
    <datafield tag="500" ind1=" " ind2=" ">
      <subfield code="a">Items foliated 1-13.</subfield>
    </datafield>
    <datafield tag="500" ind1=" " ind2=" ">
      <subfield code="a">Fol. 4r, 7v, 8r, 13 v blank.</subfield>
    </datafield>
    <datafield tag="505" ind1="0" ind2=" ">
      <subfield code="a">1. fol. 1r-2v (1 folded sheet): Letter by Arend van Buchell to Adriaen Ploos van Amstel, lord of Tienhoven, Oudegheyn etc. at The Hague, dated Nov. 1636 -- 2. fol. 3r-4v (1 folded sheet): Letter by Arend van Buchell to Adriaen Ploos van Amstel, dated March 11th, 1637 -- 3. fol. 5r-8v (1 volume (4 leaves)): 3 charters transcribed by Arend van Buchell -- 4. fol. 9r-12v (1 volume (4 leaves): Vande erfwapenen, ende quartieren, haren ouderdom, ende ontrent welcken tijt die begonnen hebben / Arend van Buchell -- 5. fol. 13r.: Supplement to Van Buchell's "Vande erfwapenen" by a later hand.</subfield>
    </datafield>
    <datafield tag="520" ind1="2" ind2=" ">
      <subfield code="a">Collection of letters, transcribed charters and other documents by Arend van Buchell. The letters contain remarks on Van Buchell's writings. The second letter contains also a cenotaph in Latin for Petrus Ploos van Amstel. Charters: 1. "4 April 1321 des saterdachts na midvasten. Johan van Amstel, zoon van Gijsbrecht heer van Amstel en zijn oudste zoon Johan van Amstel doen afstand van alle rechten aan een hoeve lands, gelegen op de Weide der stad Utrecht bij den Tigchelkamp en weleer door Gijsbrecht heer van Amstel aan het Duitse huis bij Utrecht geschonken." (from old card catalogue). With illustration of a seal. 2. "Begin juli 1290. Gijsbert van Ruwiel verklaart, dat hij de goederen in den Achtersloot van het Kapittel van Oudmuster te Utrecht, op dezelfde voorwaarden als zijn vader hield, slechts voor zijn leven houdt en dat zij na zijn dood aan dit kapittel zullen komen" (Brom, Regesten, no. 2350). With illustration of five seals. 3. "25 aug. 1288 in crastino B. Bartholomei apostoli. Arnold van Amstel geeft aan Gijsbert van Ruwiel ten behoeve der 24 hoeven land, die deze van het kapittel van Oudmunster te Utrecht houdt, een wetering, die uitgang zal hebben in den watergang onder het rechtsgebied van het kapittel van St. Marie, tussen het gerecht van Blokland en Arnold's gerecht van Benschop." (Brom, Regesten, no. 2260). With illustration of 3 seals.</subfield>
    </datafield>
    <datafield tag="524" ind1="8" ind2=" ">
      <subfield code="a">Cite as: Universiteitsbibliotheek Utrecht Hs 3 L 3, 1.</subfield>
    </datafield>
    <datafield tag="541" ind1=" " ind2=" ">
      <subfield code="c">Purchase at auction;</subfield>
      <subfield code="a">George Elte;</subfield>
      <subfield code="b">Leiden;</subfield>
      <subfield code="d">191005</subfield>
    </datafield>
    <datafield tag="581" ind1=" " ind2=" ">
      <subfield code="a">Bibliotheek van Lockhorst : catalogus van genealogische handschriften, wapenboeken (van A. Buchelius, Job de Lange, A. Schoemaker, enz.), boeken en prenten (genealogiie, heraldiek en Nederlandsche topographie), afkomstig van B. ridder van Lockhorst : veiling 12 en 13 Mei 1910 door George Elte ... Leiden, 1910. no. 1540-1542.</subfield>
    </datafield>
    <datafield tag="581" ind1=" " ind2=" ">
      <subfield code="a">J.J. de Geer van Oudegein. Monumenta ordinis militiae hospitalis Theutonicorum Jerosolimitani baliviae Traiectensis. I. Traiecti ad Rhenum 1871, no. 306 (p. 352). Transcription of charter 1.</subfield>
    </datafield>
    <datafield tag="581" ind1=" " ind2=" ">
      <subfield code="a">Gisbert Brom. Regesten van oorkonden betreffende het Sticht Utrecht (694-1301). II. Utrecht, 1908, no. 2350 (p. 130-131) and no. 2260 (p. 115). Summaries of charters 2 and 3.</subfield>
    </datafield>
    <datafield tag="655" ind1=" " ind2="7">
      <subfield code="a">Charters and articles of incorporation.</subfield>
      <subfield code="2">fast</subfield>
      <subfield code="0">(OCoLC)fst01774239</subfield>
    </datafield>
    <datafield tag="655" ind1=" " ind2="7">
      <subfield code="a">Personal correspondence.</subfield>
      <subfield code="2">fast</subfield>
      <subfield code="0">(OCoLC)fst01919948</subfield>
    </datafield>
    <datafield tag="655" ind1=" " ind2="7">
      <subfield code="a">Personal correspondence.</subfield>
      <subfield code="2">lcgft</subfield>
    </datafield>
    <datafield tag="655" ind1=" " ind2="7">
      <subfield code="a">Charters and articles of incorporation.</subfield>
      <subfield code="2">lcgft</subfield>
    </datafield>
    <datafield tag="655" ind1=" " ind2="7">
      <subfield code="a">Correspondance privée.</subfield>
      <subfield code="2">rvmgf</subfield>
    </datafield>
    <datafield tag="655" ind1=" " ind2="7">
      <subfield code="a">Chartes et statuts constitutifs.</subfield>
      <subfield code="2">rvmgf</subfield>
    </datafield>
    <datafield tag="700" ind1="1" ind2=" ">
      <subfield code="a">Ploos van Amstel, Adriaen,</subfield>
      <subfield code="d">1585-1539,</subfield>
      <subfield code="e">addressee.</subfield>
      <subfield code="4">rcp</subfield>
      <subfield code="0">(isni)0000000387233183</subfield>
    </datafield>
    <datafield tag="700" ind1="1" ind2=" ">
      <subfield code="a">Lockhorst, Barend van,</subfield>
      <subfield code="d">1771-1831,</subfield>
      <subfield code="e">former owner</subfield>
      <subfield code="4">fmo</subfield>
    </datafield>
    <datafield tag="710" ind1="2" ind2=" ">
      <subfield code="a">Universiteit Utrecht.</subfield>
      <subfield code="b">Bibliotheek.</subfield>
      <subfield code="k">Manuscript</subfield>
      <subfield code="n">(Hs. 3 L 3, 1st)</subfield>
    </datafield>
    <datafield tag="740" ind1="0" ind2=" ">
      <subfield code="a">Vande erfwapenen, ende quartieren, haren ouderdom, ende ontrent welcken tijt die begonnen hebben.</subfield>
    </datafield>
    <datafield tag="758" ind1=" " ind2=" ">
      <subfield code="i">has work:</subfield>
      <subfield code="a">Correspondence (Text)</subfield>
      <subfield code="1">https://id.oclc.org/worldcat/entity/E39PCFV4MKxTpTXJ7x47q4HCpP</subfield>
      <subfield code="4">https://id.oclc.org/worldcat/ontology/hasWork</subfield>
    </datafield>
  </record>